Faciliting Cultural Literacy through Media (Using Commercials and Movie Trailers in Intercultural Communication Classes)

Saved in:
Bibliographic Details
Main Author: Hrivíková, Tatiana, 1959-
Format: Book Chapter
Language:English
Tags: Add Tag
No Tags, Be the first to tag this record!

MARC

LEADER 00000naa$a2200000$$$4500
001 0184064
005 20240502073144.9
041 0 |a eng 
044 |a SK 
245 1 0 |a Faciliting Cultural Literacy through Media (Using Commercials and Movie Trailers in Intercultural Communication Classes)  |c Tatiana Hrivíková 
500 |a Abstrakt 
100 1 |a Hrivíková, Tatiana, 1959-